000 00300nam a22001337a 4500
008 190205b xxu||||| |||| 00| 0 eng d
020 _a032104056
041 _aeng
080 _26th
_a371
100 _a46
101 _aEDU
245 _aA Short Guide to Writing about
_cBarnet,S
942 _2udc
_cBK
999 _c53960
_d53960